Design & Test Techniques for VLSI & WSI circuits/ (Record no. 159922)

MARC details
000 -LEADER
fixed length control field 00672nam a2200229 a 4500
008 - FIXED-LENGTH DATA ELEMENTS--GENERAL INFORMATION
fixed length control field
020 ## - INTERNATIONAL STANDARD BOOK NUMBER
International Standard Book Number 0863411657 (hbk.)
090 ## - LOCALLY ASSIGNED LC-TYPE CALL NUMBER (OCLC); LOCAL CALL NUMBER (RLIN)
Classification number (OCLC) (R) ; Classification number, CALL (RLIN) (NR) TK7874.75
003 - CONTROL NUMBER IDENTIFIER
control field
005 - DATE AND TIME OF LATEST TRANSACTION
control field 20230123134107.0
040 ## - CATALOGING SOURCE
Transcribing agency NUST
049 ## - LOCAL HOLDINGS (OCLC)
Holding library MAIN
100 1# - MAIN ENTRY--PERSONAL NAME
Personal name Massara, R. E.
245 #0 - TITLE STATEMENT
Title Design & Test Techniques for VLSI & WSI circuits/
Statement of responsibility, etc. R E Massara
260 ## - PUBLICATION, DISTRIBUTION, ETC.
Place of publication, distribution, etc. London. :
Name of publisher, distributor, etc. Peter Peregrinus,
Date of publication, distribution, etc. 1989
300 ## - PHYSICAL DESCRIPTION
Extent vi,315p. :
Other physical details ill. ;
Dimensions 24cm.
440 ## - SERIES STATEMENT/ADDED ENTRY--TITLE
Title IEE Computing series 15.
500 ## - GENERAL NOTE
General note Includes index
504 ## - BIBLIOGRAPHY, ETC. NOTE
Bibliography, etc. note Includes Bibliographical references.
907 ## - LOCAL DATA ELEMENT G, LDG (RLIN)
a .b10175180
b 14-09-05
c 12-09-05
942 ## - ADDED ENTRY ELEMENTS (KOHA)
Koha item type Ordinary Loan Books
Call number prefix TK7874.75
Holdings
Date last seen Total Checkouts Full call number Barcode Cost, replacement price Price effective from Koha item type Lost status Source of classification or shelving scheme Damaged status Not for loan Collection Withdrawn status Home library Current library Shelving location Date acquired Cost, normal purchase price
01/23/2023   TK7874.75 DES 92003019531 80.00 01/23/2023 BOOKS   LCC     NFIC   MAIN MAIN GEN 01/23/2023 80.00